UBT Library

Nutrition care of the older adult : (Record no. 44946)

000 -LEADER
fixed length control field 00994cam a2200253 a 4500
001 - CONTROL NUMBER
control field 3562374
005 - DATE AND TIME OF LATEST TRANSACTION
control field 20180314044247.0
008 - FIXED-LENGTH DATA ELEMENTS--GENERAL INFORMATION
fixed length control field 980819s1998 ilua b 001 0 eng c
010 ## - LIBRARY OF CONGRESS CONTROL NUMBER
LC control number 98042196
020 ## - INTERNATIONAL STANDARD BOOK NUMBER
International Standard Book Number 0880911670
040 ## - CATALOGING SOURCE
Original cataloging agency DNLM/DLC
Transcribing agency DLC
Modifying agency DLC
041 ## - LANGUAGE CODE
Language code of text/sound track or separate title eng
060 10 - NATIONAL LIBRARY OF MEDICINE CALL NUMBER
Classification number WT 115
Item number N976 1998
080 ## - UNIVERSAL DECIMAL CLASSIFICATION NUMBER
Universal Decimal Classification number 362.176.0846 niedert
082 00 - DEWEY DECIMAL CLASSIFICATION NUMBER
Classification number 362.176.0846 niedert
Edition number 21
100 ## - Rafti
Rafti 10
101 ## - Shkurtesa
Shkurtesa nut
245 00 - TITLE STATEMENT
Title Nutrition care of the older adult :
Statement of responsibility, etc Kathleen C. Niedert, editor ; Becky Dorner ... [et al.] associate editors.
504 ## - BIBLIOGRAPHY, ETC. NOTE
Bibliography, etc Includes bibliographical references and index.
906 ## - LOCAL DATA ELEMENT F, LDF (RLIN)
a 7
b cbc
c orignew
d 1
e ocip
f 19
g y-gencatlg
942 ## - ADDED ENTRY ELEMENTS (KOHA)
Source of classification or shelving scheme
Item type Books
Holdings
Withdrawn status Lost status Source of classification or shelving scheme Damaged status Not for loan Collection code Permanent location Current location Shelving location Date acquired Total Checkouts Full call number Barcode Date last seen Price effective from Koha item type
          Koleksioni i përgjithshem UBT - Lipjan UBT - Lipjan Koleksioni i përgjithshem 03/14/2018   362.176.0846 niedert 002-3001675 03/14/2018 03/14/2018 Books
UBT Library © 2015-2024. All rights reserved University Education for Business and Technology